<?xml version="1.0" encoding="UTF-8"?>
<collection xmlns="http://www.loc.gov/MARC21/slim">
  <record>
    <leader>00000nam  2200000   4500</leader>
    <controlfield tag="001">INLIS000000000016062</controlfield>
    <controlfield tag="005">20231023023646</controlfield>
    <datafield tag="035" ind1="#" ind2="#">
      <subfield code="a">0010-1023000144</subfield>
    </datafield>
    <controlfield tag="007">ta</controlfield>
    <controlfield tag="008">231023################g##########1#ind##</controlfield>
    <datafield tag="020" ind1="#" ind2="#">
      <subfield code="a">978-623-96521-6-6</subfield>
    </datafield>
    <datafield tag="082" ind1="#" ind2="#">
      <subfield code="a">813</subfield>
    </datafield>
    <datafield tag="084" ind1="#" ind2="#">
      <subfield code="a">813 NUN l</subfield>
    </datafield>
    <datafield tag="100" ind1=" " ind2="#">
      <subfield code="a">Nunu Nazarudin Azhar</subfield>
    </datafield>
    <datafield tag="245" ind1="1" ind2="#">
      <subfield code="a">Lagu Cinta Jeung Sajabana /</subfield>
      <subfield code="c">Nunu Nazarudin Azhar</subfield>
    </datafield>
    <datafield tag="250" ind1="#" ind2="#">
      <subfield code="a">1</subfield>
    </datafield>
    <datafield tag="260" ind1="#" ind2="#">
      <subfield code="a">Garut :</subfield>
      <subfield code="b">Layung,</subfield>
      <subfield code="c">2021</subfield>
    </datafield>
    <datafield tag="300" ind1="#" ind2="#">
      <subfield code="a">xi, 124 hal. ;</subfield>
      <subfield code="c">19 cm</subfield>
    </datafield>
    <datafield tag="650" ind1="#" ind2="4">
      <subfield code="a">Puisi</subfield>
    </datafield>
    <datafield tag="520" ind1="#" ind2="#">
      <subfield code="a">Hasil karya sastra teh ngawakilan naon-naon nu kungsi karasa, kaalaman, sarta kapikiran ku pangarangna. Ari pangarang apan lain bae ngan ngawakilan dirina pribadi, tapi sekaligus jadi anggota masarakat. Ku kituna, naon-naon nu kungsi karasam kaalaman, sarta kapikiran ku pangarang teh sarua bae jeung nu karandapan ku masarakat umum enggoning ngambah hirup kumbuh sapopoena. Demi nyorang hidup jeung huripnam boh pangarang boh umumna masarakat apan hamo bisa dileupaskeun tina dua hal, nyaeta masalah (problem) jeung rusiah (misteri).</subfield>
    </datafield>
    <datafield tag="856" ind1="#" ind2="#">
      <subfield code="a">Perpustakaan LAN Pusat</subfield>
    </datafield>
    <datafield tag="990" ind1="#" ind2="#">
      <subfield code="a">231019810</subfield>
    </datafield>
  </record>
</collection>
